000366513 001__ 366513
000366513 005__ 20260316232941.0
000366513 0247_ $$2EXP:(DE-Ds200)$$aEXP:(DE-Ds200)G-22-00201-20260202
000366513 035__ $$aEXP:(DE-Ds200)G-22-00201-20260202
000366513 150__ $$aG-22-00201: A novel investigation of electron screening in low energy nuclear reactions using CARME@CRYRING
000366513 371__ $$aMarsh, Jordan
000366513 450__ $$aG-22-00201$$wd
000366513 450__ $$0EXP:(DE-Ds200)CRY-intern-20221208$$aCRY-intern$$wt
000366513 550__ $$0G:(DE-HGF)POF4-631$$aPOF4-631
000366513 751_7 $$2DE-HGF$$aIGN_4_I:(DE-H253)HAS-User-20120731 [DESY]
000366513 751_7 $$2DE-HGF$$aIGN_4_DESY [DESY]
000366513 751_7 $$2DE-HGF$$aIGN_4_DKFZ [DKFZ]
000366513 751_7 $$2DE-HGF$$aIGN_4_IMPULSE
000366513 751_7 $$2DE-HGF$$aIGN_4_DZNE [DZNE]
000366513 750_7 $$0V:(DE-HGF)12$$2V:(DE-HGF)$$aExperiment
000366513 909CO $$ooai:repository.gsi.de:366513$$pauthority:Experiment$$pauthority
000366513 980__ $$aEXPERIMENT
000366513 980__ $$aAUTHORITY